Videojuegos de la saga Grand Theft Auto (GTA) - Estadísticas

Estadísticas generales
  • Esta prueba ha sido intentada 303 veces
  • La puntuación promedio es 9 de 15
Estadísticas de respuestas
Hint Respuesta % Correcto
2013 Grand Theft Auto V
100%
2008 Grand Theft Auto IV
97%
1997 Grand Theft Auto
95%
1999 Grand Theft Auto II
95%
2001 Grand Theft Auto III
95%
2004 Grand Theft Auto: San Andreas
94%
2002 Grand Theft Auto: Vice City
92%
2009 Grand Theft Auto: Chinatown Wars
59%
2005 Grand Theft Auto: Liberty City Stories
53%
2006 Grand Theft Auto: Vice City Stories
51%
2009 Grand Theft Auto IV: The Ballad of Gay Tony
26%
2004 Grand Theft Auto Advance
24%
2009 Grand Theft Auto IV: The Lost and Damned
18%
1999 Grand Theft Auto: London 1969
11%
1999 Grand Theft Auto: London 1961
8%
No se encontraron pruebas coincidentes
Distribución de puntuación
Porcentaje de gente con cada puntuación
Porcentaje por número respondido
Historial de tus puntuaciones
No has intentado esta prueba.